[Event "GER-chT U20"]
[Site "Magdeburg"]
[Date "2023.12.29"]
[Round "6.4"]
[White "Kolzenburg, Jan Niklas"]
[Black "Tulchynsky, David"]
[Result "0-1"]
[WhiteElo "1621"]
[BlackElo "1748"]
[PlyCount "66"]
[EventDate "2023.12.26"]
[EventType "team-swiss"]
[EventRounds "7"]
[EventCountry "GER"]
[SourceTitle "CB03_2024"]
[SourceDate "2024.01.17"]
[SourceVersion "1"]
[SourceVersionDate "2024.01.17"]
[SourceQuality "1"]
[WhiteTeam "Neuberg"]
[BlackTeam "Guettingen Rochade"]
[WhiteTeamCountry "GER"]
[BlackTeamCountry "GER"]

1. e4 c5 2. d3 d6 3. f4 g6 4. Nf3 Bg7 5. c3 Nc6 6. Be2 a6 7. Be3 e6 8. 0-0 Nge7 9. Bf2 Bd7 10. Qd2 b6 11. Na3 d5 12. Nc2 0-0 13. e5 h5 14. h3 Qc7 15. d4 cxd4 16. Nfxd4 Nxd4 17. Nxd4 Nc6 18. Nf3 Na5 19. Qc2 b5 20. Ng5 Rfc8 21. b4 Nc4 22. Bc5 a5 23. Bxh5 axb4 24. Bxb4 Ne3 25. Qd3 Nxf1 26. Bxg6 Qb6+ 27. Kh1 Ng3+ 28. Kh2 Nf5 29. Bxf7+ Kh8 30. Qf3 Qe3 31. Qh5+ Bh6 32. Qg6 Qxf4+ 33. Kg1 Qxg5 0-1

[Event "GER-chT U20"]
[Site "Magdeburg"]
[Date "2023.12.28"]
[Round "3.3"]
[White "Guelsen, Sinan Yilmaz"]
[Black "Tulchynsky, David"]
[Result "0-1"]
[WhiteElo "1314"]
[BlackElo "1748"]
[PlyCount "64"]
[EventDate "2023.12.26"]
[EventType "team-swiss"]
[EventRounds "7"]
[EventCountry "GER"]
[SourceTitle "CB03_2024"]
[SourceDate "2024.01.17"]
[SourceVersion "1"]
[SourceVersionDate "2024.01.17"]
[SourceQuality "1"]
[WhiteTeam "Karlsruhe SF"]
[BlackTeam "Guettingen Rochade"]
[WhiteTeamCountry "GER"]
[BlackTeamCountry "GER"]

1. e4 c5 2. Nf3 d6 3. d4 cxd4 4. Nxd4 Nf6 5. Nc3 g6 6. Be3 Bg7 7. f3 Nc6 8. Nb3 Be6 9. Nd5 Bxd5 10. exd5 Ne5 11. f4 Ned7 12. Qf3 Qc7 13. Rc1 0-0 14. g4 e5 15. f5 e4 16. Qd1 Ne5 17. h3 Nf3+ 18. Kf2 gxf5 19. Nd4 fxg4 20. Nxf3 gxf3 21. Rg1 Kh8 22. Rxg7 Kxg7 23. Qd4 Qe7 24. Bf4 Kg6 25. Bd3 Kf5 26. Re1 Rg8 27. Rxe4 Nxe4+ 28. Kxf3 Rae8 29. h4 Rg4 30. Qe3 Rxh4 31. Bg3 Qg5 32. Bxh4 Qg4# 0-1

[Event "GER-ch U25-A"]
[Site "Willingen"]
[Date "2023.05.29"]
[Round "3"]
[White "Vollbehr, Bjarne"]
[Black "Tulchynsky, David"]
[Result "1-0"]
[WhiteElo "1867"]
[BlackElo "1660"]
[PlyCount "107"]
[EventDate "2023.05.27"]
[EventType "swiss"]
[EventRounds "9"]
[EventCountry "GER"]
[SourceTitle "CBM 214 Extra"]
[Source "ChessBase"]
[SourceDate "2023.07.31"]
[SourceVersion "1"]
[SourceVersionDate "2023.07.31"]
[SourceQuality "1"]

1. d4 Nf6 2. c4 e5 3. d5 Bc5 4. Nc3 d6 5. h3 h6 6. e4 0-0 7. g4 Nh7 8. Nf3 h5 9. g5 g6 10. Bd3 Kg7 11. h4 a6 12. Qe2 f5 13. Be3 Bxe3 14. Qxe3 f4 15. Qd2 Nd7 16. Bc2 Rf7 17. 0-0 Nb6 18. c5 Qd7 19. Nh2 dxc5 20. f3 Nc4 21. Qf2 Ne3 22. Rfc1 b6 23. Bd3 Bb7 24. Nd1 Nxd1 25. Rxd1 Rd8 26. a4 c6 27. Bc4 cxd5 28. Bxd5 Bxd5 29. Rxd5 Qc7 30. Rad1 Rfd7 31. Qe2 a5 32. Nf1 Nf8 33. Qc4 Ne6 34. Nd2 Nd4 35. Kg2 Rxd5 36. exd5 Qd6 37. Qa6 Rd7 38. Ne4 Qxd5 39. Qxb6 Rb7 40. Qf6+ Kh7 41. Rd2 Rf7 42. Qb6 Qb3 43. Qxb3 Nxb3 44. Rd5 Re7 45. Nxc5 Nd4 46. Nd7 Nf5 47. Nf6+ Kg7 48. Rxa5 Nxh4+ 49. Kf2 Rb7 50. Rb5 Rxb5 51. axb5 Nf5 52. b6 Ne7 53. b7 Nc6 54. Nd7 1-0

[Event "GER-ch U25-A"]
[Site "Willingen"]
[Date "2023.05.28"]
[Round "2"]
[White "Tulchynsky, David"]
[Black "Longo, Massimo"]
[Result "0-1"]
[WhiteElo "1660"]
[BlackElo "1890"]
[PlyCount "84"]
[EventDate "2023.05.27"]
[EventType "swiss"]
[EventRounds "9"]
[EventCountry "GER"]
[SourceTitle "CBM 214 Extra"]
[Source "ChessBase"]
[SourceDate "2023.07.31"]
[SourceVersion "1"]
[SourceVersionDate "2023.07.31"]
[SourceQuality "1"]

1. e4 e6 2. Nc3 b6 3. g3 Bb7 4. Bg2 f5 5. d3 Nf6 6. Nge2 fxe4 7. dxe4 Bc5 8. 0-0 0-0 9. Bg5 h6 10. Bxf6 Qxf6 11. Nf4 Qf7 12. Na4 Ba6 13. Re1 Bxf2+ 14. Kxf2 e5 15. Kg1 exf4 16. gxf4 Qxf4 17. Qd5+ Qf7 18. Qd2 Bb7 19. Rf1 Qe7 20. Rxf8+ Qxf8 21. Rf1 Qe7 22. Nc3 Nc6 23. Nd5 Qe5 24. Qf2 Qd4 25. Nxc7 Rf8 26. Qxd4 Nxd4 27. Rxf8+ Kxf8 28. c3 Ne2+ 29. Kf1 Nf4 30. Bf3 a6 31. Nd5 Bxd5 32. exd5 Ke7 33. b3 Kd6 34. c4 Kc5 35. Ke1 Kd4 36. Kd2 d6 37. a4 a5 38. h4 g5 39. hxg5 hxg5 40. Bg4 Nd3 41. Bf5 Nc5 42. Bc2 g4 0-1

[Event "Verden op-B"]
[Site "Verden"]
[Date "2023.01.06"]
[Round "3"]
[White "Axt, Christian"]
[Black "Tulchynsky, David"]
[Result "1-0"]
[WhiteElo "1724"]
[BlackElo "1617"]
[PlyCount "51"]
[EventDate "2023.01.05"]
[EventType "swiss"]
[EventRounds "7"]
[EventCountry "GER"]
[SourceTitle "CBM 212 Extra"]
[Source "ChessBase"]
[SourceDate "2023.03.31"]
[SourceVersion "1"]
[SourceVersionDate "2023.03.31"]
[SourceQuality "1"]

1. Nf3 d5 2. g3 c5 3. Bg2 Nc6 4. 0-0 e5 5. d3 g6 6. c4 d4 7. Nbd2 Bg7 8. a3 Nge7 9. Ne4 b6 10. b4 f5 11. Ned2 Rb8 12. b5 Na5 13. Nb3 Nxb3 14. Qxb3 0-0 15. Bg5 h6 16. Bxe7 Qxe7 17. Rfe1 e4 18. Nh4 Qf7 19. dxe4 fxe4 20. Bxe4 Qxf2+ 21. Kh1 g5 22. Bd5+ Kh7 23. Qd3+ Rf5 24. Rf1 Qe3 25. Nxf5 Qxd3 26. exd3 1-0

[Event "GER-chT U16"]
[Site "Darmstadt"]
[Date "2022.12.29"]
[Round "5"]
[White "Tulchynsky, David"]
[Black "Eull, Emil"]
[Result "0-1"]
[WhiteElo "1617"]
[BlackElo "1969"]
[PlyCount "116"]
[EventDate "2022.12.26"]
[EventType "team-swiss"]
[EventRounds "7"]
[EventCountry "GER"]
[SourceTitle "CBM 212 Extra"]
[Source "ChessBase"]
[SourceDate "2023.03.31"]
[SourceVersion "1"]
[SourceVersionDate "2023.03.31"]
[SourceQuality "1"]
[WhiteTeam "Guettingen Rochade"]
[BlackTeam "Neuberg"]
[WhiteTeamCountry "GER"]
[BlackTeamCountry "GER"]

1. g3 d5 2. Bg2 Nf6 3. Nf3 e6 4. 0-0 c5 5. d3 Nc6 6. Nbd2 Be7 7. c4 d4 8. Qb3 e5 9. Ng5 0-0 10. Nge4 Ne8 11. f3 f5 12. Nf2 Qc7 13. Re1 Bd7 14. Nf1 Rd8 15. Bd2 b6 16. Rad1 f4 17. g4 Nd6 18. Qc2 Ra8 19. Ra1 Bh4 20. Reb1 Rfb8 21. a3 Rb7 22. b4 Nd8 23. Rb2 a6 24. Rab1 Rab8 25. Be1 Bxf2+ 26. Kxf2 g5 27. Nd2 Ne6 28. Nb3 Ba4 29. Qd2 Bxb3 30. Rxb3 b5 31. cxb5 Rxb5 32. Qa2 c4 33. dxc4 Qxc4 34. a4 R5b7 35. R3b2 Qxa2 36. Rxa2 Rc8 37. Bf1 Rb6 38. Kg2 Nc4 39. Kg1 Ne3 40. Bd2 Rc4 41. Bxe3 dxe3 42. Rab2 Nd4 43. Kg2 Kf7 44. Kg1 h6 45. Kg2 Ke6 46. b5 axb5 47. axb5 Rc5 48. Ra2 Rcxb5 49. Rxb5 Nxb5 50. Rb2 Kd5 51. h3 Kc5 52. Rc2+ Kd4 53. Rc8 Rd6 54. Rb8 Na3 55. Rb3 Nc4 56. Rd3+ Kc5 57. Rc3 Rd1 58. Rd3 Nd2 0-1